000 00634nam a2200205 a 4500
999 _c2800
_d2800
003 BD-JhCC
005 20171106202955.0
008 171106s1976 bg a|||| ||a| 000 0 ben d
035 _a(BD-JhCC)
040 _aBD-JhCC
_dBD-JhCC
041 _aben
082 _a891.443
_bTOL 1976
100 _aটলস্টয়, লিও
245 _aবোকা আইভান /
_cলিও টলস্টয়; ফয়েজ আহমদ (ভাবানুবাদ)
260 _aঢাকা :
_bমুক্তধারা,
_c1976.
300 _a76 p. :
_c21 cm.
650 _aBengali Novel
942 _2ddc
_cBK